Normal view
MARC view
Entry Personal Name
001 - CONTROL NUMBER
- control field: 1138798
003 - CONTROL NUMBER IDENTIFIER
- control field: OSt
005 - DATE AND TIME OF LATEST TRANSACTION
- control field: 20260324111508.0
008 - FIXED-LENGTH DATA ELEMENTS
- fixed length control field: 260324|| aca||aabn | a|a d
040 ## - CATALOGING SOURCE
- Original cataloging agency: OSt
- Transcribing agency: OSt
100 ## - HEADING--PERSONAL NAME
- Personal name: Lars Johan Danbolt; Tatjana Schnell; Gry Stålsett; Peter la Cour
670 ## - SOURCE DATA FOUND
- Source citation: Work cat.: (OSt)1727643: Lars Johan Danbolt; Tatjana Schnell; Gry Stålsett; Peter la Cour, Understanding Existential Health for Dementia Care
